Paroles - Dans le club - Michou - Statistiques

Statistiques générales
  • Ce quiz a été pris 177 fois
  • Le résultat moyen est 205 sur 418
Statistiques - réponses
Paroles % Correct
dans
96%
club,
95%
club
95%
Et
95%
et
95%
le
94%
Le
94%
normal
90%
à
89%
a
89%
posé
89%
ce
87%
qui
85%
mon
84%
verre
83%
ceux
80%
j'suis
79%
J'suis
79%
pas
76%
Pas
76%
pas,
76%
tout
72%
de
71%
un
71%
un,
71%
j'lève
70%
lève
68%
levé
68%
bras
66%
bras,
66%
eh
62%
eh,
62%
deux
57%
sortent
57%
ça
56%
ça,
56%
tu
54%
Tu
54%
En
52%
en
52%
tous
51%
danse
49%
dansé
49%
bas
48%
là,
46%
la
46%
46%
l'club,
41%
j'dead
40%
J'dead
40%
Michou
37%
Michou,
37%
lèves
35%
on
34%
On
34%
est
31%
les
31%
soir,
31%
soir
31%
moi
29%
moi,
29%
Ouais
28%
avec
25%
si
25%
danser
24%
danser,
24%
pote
23%
ta
22%
viens
22%
Viens
22%
mais
21%
Même
21%
même
21%
toi
21%
va
21%
Allez
20%
C'est
20%
J'ai
20%
j'ai
20%
chica
19%
parle
19%
sais
19%
sais,
19%
J'entends
18%
Non
18%
crier
17%
regarde
17%
soirée
17%
S'te
17%
impossible
16%
Impossible
16%
mal
16%
plaît
15%
retard
15%
son
15%
d'l'année,
13%
échoue
13%
fiancée
13%
L'équipe
13%
portables
13%
pour
13%
s'ambiancer
13%
ton
13%
danses
12%
qu'on
12%
sait
12%
sois
12%
bouger
11%
j'reste
11%
équipe
10%
j'fais
10%
que
10%
soit
10%
vois
10%
boit
9%
corps
9%
numéro
9%
peux
9%
vas-y
9%
bien
8%
dégainez
8%
Elle
8%
gens
8%
plus
8%
s'amuser,
8%
temps
8%
cul
7%
frère
7%
gang,
7%
jambes,
7%
J'les
7%
potion
7%
seul,
7%
seul
7%
sur
7%
table
7%
besoin
6%
commu'
6%
d'bouteilles
6%
J'bouge
6%
j'bouge
6%
mille
6%
pioncer
6%
sec
6%
t'as
6%
boîte,
5%
j'calcule
5%
partout
5%
potos
5%
Toute
5%
trop
5%
d'être
4%
éloquent
4%
folie
4%
usée
4%
vise
4%
vont
4%
Donc
3%
l'dire,
2%
miff'
2%
sueur
2%
fatigué
1%
gros
1%
j'sais
1%
qu'j'rentre
1%
tombe
1%
ouah
0%
Aucun quiz correspondant
Distribution des résultats
% des personnes avec chaque résultat
Percentile par nombre de réponses
Votre historique - résultats
Vous n’avez pas pris ce quiz